| Tag |
First Indicator |
Second Indicator |
Subfields |
| LEADER |
00000cam a2200000 a 4500 |
| 001 |
in00001237654 |
| 005 |
20151003071833.0 |
| 008 |
941229s1995 mauaf b 001 0 eng |
| 010 |
|
|
|a 94049709
|
| 020 |
|
|
|a 0890066744 (hard : acid-free paper)
|
| 035 |
|
|
|a (OCoLC)31865523
|
| 035 |
|
|
|9 AGT5265AM
|
| 040 |
|
|
|a DLC
|c DLC
|d UtOrBLW
|
| 049 |
|
|
|a TXAM
|
| 050 |
0 |
0 |
|a TA1637
|b .O37 1995
|
| 082 |
0 |
0 |
|a 621.36/7
|2 20
|
| 100 |
1 |
|
|a Ono, Sadayasu.
|
| 245 |
1 |
0 |
|a Super-high-definition images :
|b beyond HDTV /
|c Sadayasu Ono, Naohisa Ohta, Tomonori Aoyama.
|
| 264 |
|
1 |
|a Boston :
|b Artech House,
|c [1995]
|
| 264 |
|
4 |
|c ©1995
|
| 300 |
|
|
|a xi, 154 pages, 8 unnumbered pages of plates :
|b illustrations (come color) ;
|c 24 cm.
|
| 336 |
|
|
|a text
|b txt
|2 rdacontent
|
| 337 |
|
|
|a unmediated
|b n
|2 rdamedia
|
| 338 |
|
|
|a volume
|b nc
|2 rdacarrier
|
| 490 |
1 |
|
|a Artech House telecommunications library
|
| 504 |
|
|
|a Includes bibliographical references and index.
|
| 650 |
|
0 |
|a Image processing
|x Digital techniques.
|
| 650 |
|
0 |
|a Multimedia systems.
|
| 650 |
|
0 |
|a Digital television.
|
| 700 |
1 |
|
|a Ohta, Naohisa.
|
| 700 |
1 |
|
|a Aoyama, Tomonori.
|
| 830 |
|
0 |
|a Artech House telecommunications library.
|
| 999 |
|
|
|a MARS
|
| 999 |
f |
f |
|s 6674ae43-4a84-364f-965a-03c799a6eb0b
|i b7df61fd-e571-3d24-a410-d38c2a401f1c
|t 0
|
| 952 |
f |
f |
|p ric
|a Texas A&M University
|b Rellis Campus
|c Joint Library Facility
|d Remote Storage
|t 0
|e TA1637 .O37 1995
|h Library of Congress classification
|i unmediated -- volume
|m A14819450853
|
| 998 |
f |
f |
|a TA1637 .O37 1995
|t 0
|l Remote Storage
|